000 00524nam a2200181Ia 4500
005 20250423095216.0
008 250422s9999 xx 000 0 und d
020 _a978-1-138-85837-4
050 _aHD 9502 .N47/
100 _aNersesian, Roy L.
245 0 _aEnergy Economics: Markets, History and Policy
260 _aNew York
260 _bRoutledge
260 _c2016
300 _a628 p
650 _a Energy industries Energy consumption Energy conservation Renewable energy sources Energy policy
942 _cBK
999 _c29577
_d29577